000 00844nam a22002897a 4500
001 BR8600087
003 BR-BrBNA
005 20230928092216.0
007 ta
008 230509b bl.||||| |||| 00| 0 por d
040 _aBR-BrBNA
_bpor
_cBiblioteca Nacional de Agricultura
041 _a(Por)
072 _aL40; L53; L60
_b8520
090 _ 8520 BR8600087
100 1 _aVieira, M.T.
245 1 _aRa touro gigante. Caracteristicas e Reproducao [Rana catesbeiana]
246 1 _a[Bulfrog. Characteristics and reproduction [Rana catesbeiana]]
260 3 _aSao Paulo, SP (Brasil):
_bLivraria Nobel S.A.,
_c1985.
300 _a80 p.
500 _a64 illus.
650 _aANATOMIA ANIMAL
650 _aREPRODUCAO ANIMAL
650 _aTAXONOMIA ANIMAL
650 _aRA TOURO
909 _a202309
_bLucia
_c55
_dLucia Elande
942 _cBK
999 _c37699
_d37699